000 02127nam a2200397Ia 4500
001 ebr10071537
003 CaPaEBR
006 m u
007 cr cn|||||||||
008 010601s1999 dcu sb 100 0 eng d
020 _z0309574897 (electronic bk.)
040 _aCaPaEBR
_cCaPaEBR
035 _a(OCoLC)48629645
050 1 4 _aRT120.H65
_bW67 1999eb
082 0 4 _a362.14
_222
111 2 _aWorkshop on Revisiting Home Visiting
_d(1999 :
_cWashington, D.C.)
245 1 0 _aRevisiting home visiting
_h[electronic resource] :
_bsummary of a workshop /
_cBoard on Children, Youth and Families ; Nancy Geyelin Margie and Deborah A. Phillips, editors ; Commission on Behavioral and Social Sciences and Education, National Research Council and Institute of Medicine.
260 _aWashington DC :
_bNational Academy Press,
_cc1999.
300 _avi, 21 p.
504 _aIncludes bibliographical references.
520 3 _aOn March 8-9, 1999, the Board on Children, Youth, and Families of the National Research Council and Institute of Medicine, with funding from the David and Lucile Packard Foundation, held a workshop for practitioners, policymakers, and researchers to discuss recent evaluation evidence on the effectiveness of home visitation programs.
533 _aElectronic reproduction.
_bPalo Alto, Calif. :
_cebrary,
_d2011.
_nAvailable via World Wide Web.
_nAccess may be limited to ebrary affiliated libraries.
650 0 _aHome nursing
_xEvaluation
_vCongresses.
650 0 _aMaternity nursing
_vCongresses.
650 0 _aFamily nursing
_vCongresses.
650 0 _aDysfunctional families
_vCongresses.
650 0 _aParent and child
_vCongresses.
650 0 _aChild care
_vCongresses.
655 7 _aElectronic books.
_2local
700 1 _aMargie, Nancy Geyelin.
700 1 _aPhillips, Deborah.
710 2 _aNational Research Council (U.S.).
_bBoard on Children, Youth, and Families.
710 2 _aNational Academy Press (U.S.)
710 2 _aebrary, Inc.
856 4 0 _uhttp://site.ebrary.com/lib/rucke/Doc?id=10071537
_zAn electronic book accessible through the World Wide Web; click to view
999 _c33367
_d33367